| Tag |
First Indicator |
Second Indicator |
Subfields |
| LEADER |
00000pam a22000004a 4500 |
| 001 |
in00004501439 |
| 005 |
20191203131434.0 |
| 008 |
050609s2006 njua b 001 0 eng |
| 010 |
|
|
|a 2005016686
|
| 016 |
7 |
|
|a 101249880
|2 DNLM
|
| 016 |
7 |
|
|a 013321583
|2 Uk
|
| 020 |
|
|
|a 1588294854 (alk. paper)
|
| 029 |
1 |
|
|a NLM
|b 101249880
|
| 035 |
|
|
|a (OCoLC)ocm60664328
|
| 035 |
|
|
|z (UtOrBLW)39733
|
| 035 |
|
|
|a 57288
|
| 040 |
|
|
|a DNLM/DLC
|c DLC
|d YDX
|d NLM
|d BAKER
|d UKM
|d TMV
|d UtOrBLW
|
| 042 |
|
|
|a pcc
|
| 049 |
|
|
|a TMVM
|c 1
|
| 050 |
0 |
0 |
|a RC643
|b .M94 2006
|
| 060 |
1 |
0 |
|a W1
|b ME9616JM v.125 2006
|
| 060 |
1 |
0 |
|a WH 250
|b M9965 2006
|
| 060 |
|
4 |
|a WH 250
|b M996 2006
|
| 082 |
0 |
0 |
|a 616.99/419
|2 22
|
| 245 |
0 |
0 |
|a Myeloid leukemia :
|b methods and protocols /
|c edited by Harry Iland, Mark Hertzberg, Paula Marlton.
|
| 264 |
|
1 |
|a Totowa, N.J. :
|b Humana Press,
|c [2006]
|
| 264 |
|
4 |
|c ©2006
|
| 300 |
|
|
|a xi, 306 pages :
|b illustrations ;
|c 24 cm.
|
| 336 |
|
|
|a text
|2 rdacontent
|b txt
|
| 337 |
|
|
|a unmediated
|2 rdamedia
|
| 338 |
|
|
|a volume
|2 rdacarrier
|b nc
|
| 490 |
1 |
|
|a Methods in molecular medicine ;
|v 125
|
| 504 |
|
|
|a Includes bibliographical references and index.
|
| 505 |
0 |
|
|a Isolation of RNA and DNA from leukocytes and cDNA synthesis -- Cytogenetic and FISH techniques in myeloid malignancies -- Overview of real-time RT-PCR strategies for quantification of gene rearrangements in the myeloid malignancies -- Diagnosis and monitoring of chronic myeloid leukemia by qualitative and quantitative RT-PCR -- Detection of BCR-ABL mutations and resistance to imatinib mesylate -- Deletion of the derivative chromosome 9 in chronic myeloid leukemia -- Diagnosis and monitoring of PML-RARA-positive acute promyelocytic leukemia by qualitative RT-PCR -- Diagnosis and monitoring of PML-RARA-positive acute promyelocytic leukemia by quantitative RT-PCR -- Diagnosis and monitoring of AML1MTG8 (ETO)-positive acute myeloid leukemia by qualitative and quantitative RT-PCR -- Diagnosis and monitoring of CBFB-MYH11-positive acute myeloid leukemia by qualitative and quantitative RT-PCR -- Detection of the FIP1L1-PDGFRA fusion in idiopathic hypereosinophilic syndrome and chronic eosinophilic leukemia -- FLT3 mutations in acute myeloid leukemia -- WT-1 overexpression in acute myeloid leukemia and myelodysplastic syndromes -- Classification of AML by DNA-oligonucleotide microarrays -- Classification of AML using a monoclonal antibody microarray -- Methods for the detection of the JAK2 V617F mutation in human myeloproliferative disorders -- Overexpression of PRV-1 gene in polycythemia rubra vera and essential thrombocythemia -- Chimerism analysis following nonmyeloablative stem cell transplantation
|
| 650 |
|
0 |
|a Acute myeloid leukemia.
|
| 650 |
|
0 |
|a Chronic myeloid leukemia.
|
| 650 |
|
2 |
|a Leukemia, Myeloid
|x genetics.
|
| 650 |
|
2 |
|a Acute Disease.
|
| 650 |
|
2 |
|a Leukemia, Myeloid
|x diagnosis.
|
| 650 |
|
2 |
|a Molecular Diagnostic Techniques.
|
| 700 |
1 |
|
|a Iland, Harry.
|
| 700 |
1 |
|
|a Hertzberg, Mark.
|
| 700 |
1 |
|
|a Marlton, Paula.
|
| 830 |
|
0 |
|a Methods in molecular medicine ;
|v 125.
|
| 948 |
|
|
|a PO 10614
|
| 999 |
|
|
|a MARS
|
| 999 |
f |
f |
|s 0498f0ee-dc48-3622-8b81-5f86e9c33b4c
|i 2ca6afa4-e993-3efb-84ca-e3bd0bb6b863
|t 0
|
| 952 |
f |
f |
|p ric
|a Texas A&M University
|b Rellis Campus
|c Joint Library Facility
|d Remote Storage
|t 0
|e WH 250 M996 2006
|h National Library of Medicine classification
|i unmediated -- volume
|m 3238901901902
|
| 998 |
f |
f |
|a WH 250 M996 2006
|t 0
|l Remote Storage
|